[Event "SVK-chT3B2 2324"]
[Site "Slovakia"]
[Date "2023.10.15"]
[Round "1.3"]
[White "Lovas, Miroslav"]
[Black "Vida, Miroslav"]
[Result "1/2-1/2"]
[WhiteElo "1982"]
[BlackElo "1870"]
[PlyCount "84"]
[EventDate "2023.10.15"]
[EventType "team-tourn"]
[EventRounds "11"]
[EventCountry "SVK"]
[SourceTitle "EXT 2025"]
[Source "ChessBase"]
[SourceDate "2024.10.14"]
[SourceVersion "1"]
[SourceVersionDate "2024.10.14"]
[SourceQuality "1"]
[WhiteTeam "Chynorany"]
[BlackTeam "Lehota pod Vtacnikom"]
[WhiteTeamCountry "SVK"]
[BlackTeamCountry "SVK"]

1. d3 Nf6 2. g3 d5 3. Bg2 e5 4. Nf3 Bd6 5. 0-0 0-0 6. Bg5 Be6 7. Nbd2 Nbd7 8. e4 c6 9. Re1 h6 10. Bxf6 Qxf6 11. Qe2 Rfe8 12. Nf1 d4 13. h3 Rac8 14. c3 c5 15. c4 Qe7 16. Qd2 b6 17. b3 a5 18. Nh4 Qf6 19. Nh2 g5 20. N4f3 Qg6 21. g4 Qf6 22. Nf1 Nf8 23. Ng3 Ng6 24. Nh5 Qe7 25. Nh2 f6 26. Nf1 Qf7 27. a4 Rc7 28. Nfg3 Kh7 29. Qe2 Rg8 30. Qf3 Nf4 31. Rad1 Qe7 32. Rd2 Bf7 33. Nxf4 gxf4 34. Nf5 Qf8 35. Qe2 Bg6 36. Nh4 Qf7 37. Nf5 Bf8 38. Bf3 Qd7 39. Nh4 Qe6 40. Kh2 Kg7 41. Nxg6 Kxg6 42. g5 fxg5 1/2-1/2

[Event "SVK-chT3B2 2122"]
[Site "Slovakia"]
[Date "2022.04.10"]
[Round "8.3"]
[White "Vida, Miroslav"]
[Black "Masarik, Drahoslav"]
[Result "1/2-1/2"]
[WhiteElo "1886"]
[BlackElo "1869"]
[PlyCount "23"]
[EventDate "2021.10.24"]
[EventType "team-tourn"]
[EventRounds "11"]
[EventCountry "SVK"]
[SourceTitle "EXT 2024"]
[Source "ChessBase"]
[SourceDate "2023.10.10"]
[SourceVersion "1"]
[SourceVersionDate "2023.10.10"]
[SourceQuality "1"]
[WhiteTeam "Lehota pod Vtacnikom"]
[BlackTeam "Trencin"]
[WhiteTeamCountry "SVK"]
[BlackTeamCountry "SVK"]

1. e4 e5 2. Nf3 Nc6 3. Bb5 Nf6 4. 0-0 a6 5. Ba4 b5 6. Bb3 Be7 7. c3 0-0 8. d3 Bb7 9. h3 h6 10. Be3 Na5 11. Bc2 c5 12. Nbd2 1/2-1/2

[Event "SVK-chT2B 1718"]
[Site "Slovakia"]
[Date "2017.11.26"]
[Round "4.3"]
[White "Vida, Miroslav"]
[Black "Torotto, Antal"]
[Result "1/2-1/2"]
[WhiteElo "1887"]
[BlackElo "2005"]
[PlyCount "47"]
[EventDate "2017.10.28"]
[EventType "team-tourn"]
[EventRounds "11"]
[EventCountry "SVK"]
[SourceTitle "CBM 181 Extra"]
[Source "ChessBase"]
[SourceDate "2017.12.12"]
[SourceVersion "1"]
[SourceVersionDate "2017.12.12"]
[SourceQuality "1"]
[WhiteTeam "Lehota pod Vtacnikom"]
[BlackTeam "Batorove Kosihy"]
[WhiteTeamCountry "SVK"]
[BlackTeamCountry "SVK"]

1. e4 c5 2. Nf3 a6 3. c3 e6 4. Bc4 b5 5. Bb3 Bb7 6. Bc2 Nf6 7. d3 d6 8. Bg5 Be7 9. Nbd2 Nbd7 10. 0-0 0-0 11. d4 Qc7 12. Re1 e5 13. Rc1 Rac8 14. Nf1 h6 15. Bh4 Rfe8 16. Bxf6 Nxf6 17. Ng3 g6 18. Qd2 Bf8 19. Nh4 Nh7 20. Bb3 c4 21. Bc2 Qe7 22. Nf3 Ng5 23. Nxg5 Qxg5 24. Qxg5 1/2-1/2

[Event "SVK-chT2B 1718"]
[Site "Slovakia"]
[Date "2017.10.29"]
[Round "2.3"]
[White "Riabov, Alexander"]
[Black "Vida, Miroslav"]
[Result "1-0"]
[WhiteElo "2013"]
[BlackElo "1887"]
[PlyCount "57"]
[EventDate "2017.10.28"]
[EventType "team-tourn"]
[EventRounds "11"]
[EventCountry "SVK"]
[SourceTitle "CBM 181 Extra"]
[Source "ChessBase"]
[SourceDate "2017.12.12"]
[SourceVersion "1"]
[SourceVersionDate "2017.12.12"]
[SourceQuality "1"]
[WhiteTeam "Topolcany"]
[BlackTeam "Lehota pod Vtacnikom"]
[WhiteTeamCountry "SVK"]
[BlackTeamCountry "SVK"]

1. e4 e5 2. Nf3 Nc6 3. d4 exd4 4. Bc4 Be7 5. c3 d6 6. Qb3 Ne5 7. Nxe5 dxe5 8. Bxf7+ Kf8 9. Bxg8 Rxg8 10. 0-0 g5 11. h4 h6 12. hxg5 Bh3 13. f4 Bxg2 14. Kxg2 Kg7 15. Qe6 Qd6 16. Qxd6 cxd6 17. cxd4 hxg5 18. dxe5 dxe5 19. fxg5 Rad8 20. Nc3 Rd3 21. Rf3 Rxf3 22. Kxf3 Kg6 23. Be3 Rh8 24. Rg1 Rh3+ 25. Rg3 Rh2 26. Rg2 Rh3+ 27. Ke2 a6 28. Nd5 Bd8 29. Bb6 1-0

[Event "SVK-chT3B2 1617"]
[Site "Slovakia"]
[Date "2017.02.19"]
[Round "8.2"]
[White "Kothaj, Peter"]
[Black "Vida, Miroslav"]
[Result "1-0"]
[WhiteElo "1795"]
[BlackElo "1909"]
[PlyCount "81"]
[EventDate "2016.10.16"]
[EventType "team-tourn"]
[EventRounds "11"]
[EventCountry "SVK"]
[SourceTitle "EXT 2018"]
[Source "ChessBase"]
[SourceDate "2017.10.13"]
[SourceVersion "1"]
[SourceVersionDate "2017.10.13"]
[SourceQuality "1"]
[WhiteTeam "Handlova"]
[BlackTeam "Lehota pod Vtacnikom"]
[WhiteTeamCountry "SVK"]
[BlackTeamCountry "SVK"]

1. e4 g6 2. d4 Bg7 3. Nf3 c5 4. c3 cxd4 5. cxd4 d6 6. Bc4 Nf6 7. Nc3 a6 8. 0-0 0-0 9. a4 Nbd7 10. Bf4 Qb6 11. b3 Qa5 12. Bd2 Qc7 13. Rc1 Nb6 14. Bd3 Bg4 15. h3 Bxf3 16. Qxf3 Rac8 17. Rfe1 Nfd7 18. Bg5 Qd8 19. Be3 e5 20. Ne2 exd4 21. Rxc8 Nxc8 22. Bxd4 Bxd4 23. Nxd4 Qb6 24. Qe3 Nc5 25. Bc4 Re8 26. Qf3 Qc7 27. Qg4 Nb6 28. Bf1 Kh8 29. Re3 Qe7 30. a5 Nbd7 31. b4 Ne5 32. Qg3 Ne6 33. Nxe6 Qxe6 34. Rc3 Nc6 35. Bxa6 Qxe4 36. Bxb7 Qb1+ 37. Kh2 Re1 38. Qxd6 Ne7 39. g4 Re6 40. Qd4+ Kg8 41. a6 1-0

[Event "SVK-chT3B2 1617"]
[Site "Slovakia"]
[Date "2017.01.15"]
[Round "6.2"]
[White "Buco, Martin"]
[Black "Vida, Miroslav"]
[Result "1/2-1/2"]
[WhiteElo "1736"]
[BlackElo "1909"]
[PlyCount "109"]
[EventDate "2016.10.16"]
[EventType "team-tourn"]
[EventRounds "11"]
[EventCountry "SVK"]
[SourceTitle "EXT 2018"]
[Source "ChessBase"]
[SourceDate "2017.10.13"]
[SourceVersion "1"]
[SourceVersionDate "2017.10.13"]
[SourceQuality "1"]
[WhiteTeam "Povazske Podhradie II"]
[BlackTeam "Lehota pod Vtacnikom"]
[WhiteTeamCountry "SVK"]
[BlackTeamCountry "SVK"]

1. e4 g6 2. Nc3 Bg7 3. f4 c5 4. Nf3 Nc6 5. Bb5 a6 6. Bxc6 bxc6 7. d3 d6 8. 0-0 Nf6 9. Qe1 0-0 10. f5 e5 11. Qh4 Nd7 12. Ng5 h6 13. fxg6 fxg6 14. Rxf8+ Nxf8 15. Nf3 Qxh4 16. Nxh4 Be6 17. Be3 Rb8 18. b3 Bf6 19. Nf3 Kg7 20. h3 g5 21. g4 Ng6 22. Ne2 Rh8 23. Ng3 Nf4 24. Kh2 Bd8 25. Nd2 Ba5 26. Nc4 Bc3 27. Rb1 Rd8 28. Bd2 Bxd2 29. Nxd2 h5 30. Nxh5+ Nxh5 31. gxh5 Rh8 32. b4 Rxh5 33. bxc5 Rxh3+ 34. Kg2 dxc5 35. Rb6 g4 36. Rxc6 Bxa2 37. Rxc5 Kf6 38. Ra5 Be6 39. Rxa6 Re3 40. Kf2 Rh3 41. Nf1 Ke7 42. Kg2 Rh8 43. Ne3 Rh3 44. Nd5+ Kd7 45. Nb6+ Ke7 46. Nd5+ Kd7 47. Nb6+ Ke7 48. Nd5+ Kd7 49. Ra7+ Kd6 50. Nc7 Bd7 51. Nd5 Be6 52. Ne7 Re3 53. Kf2 Rh3 54. Kg2 Re3 55. Kf2 1/2-1/2

[Event "SVK-chT3B2 1516"]
[Site "Slovakia"]
[Date "2016.03.20"]
[Round "10.3"]
[White "Vida, Miroslav"]
[Black "Sajtlava, Igor"]
[Result "1/2-1/2"]
[WhiteElo "1911"]
[BlackElo "1780"]
[PlyCount "82"]
[EventDate "2015.10.11"]
[EventType "team-tourn"]
[EventRounds "11"]
[EventCountry "SVK"]
[SourceTitle "EXT 2017"]
[Source "ChessBase"]
[SourceDate "2016.10.25"]
[SourceVersion "1"]
[SourceVersionDate "2016.10.25"]
[SourceQuality "1"]
[WhiteTeam "Lehota pod Vtacnikom"]
[BlackTeam "Dubnica nad Vahom III"]
[WhiteTeamCountry "SVK"]
[BlackTeamCountry "SVK"]

1. e4 c5 2. Nf3 d6 3. Bc4 e6 4. 0-0 Nf6 5. Re1 Be7 6. d4 cxd4 7. Nxd4 0-0 8. Nc3 Qc7 9. Bd3 a6 10. Be3 b5 11. a3 Nbd7 12. Rc1 Ne5 13. f3 Bb7 14. Nce2 Rac8 15. Nf4 Nc4 16. Bxc4 Qxc4 17. b3 Qc3 18. Bf2 Rfe8 19. Re3 Qa5 20. b4 Qd8 21. Nb3 Qc7 22. Na5 Ba8 23. c4 d5 24. e5 Nd7 25. c5 Nb6 26. Ne2 Nc4 27. Nxc4 dxc4 28. f4 Rcd8 29. Qf1 Rd7 30. Nc3 Red8 31. Ree1 Rd3 32. a4 Bc6 33. a5 Qd7 34. Red1 Rxd1 35. Rxd1 Qc7 36. Qe2 Rxd1+ 37. Qxd1 Bb7 38. Qd2 Qd8 39. Qxd8+ Bxd8 40. Bd4 f6 41. Kf2 Kf7 1/2-1/2

[Event "SVK-chT3B2 1516"]
[Site "Slovakia"]
[Date "2016.03.06"]
[Round "9.3"]
[White "Mysiak, Juraj"]
[Black "Vida, Miroslav"]
[Result "1/2-1/2"]
[WhiteElo "1832"]
[BlackElo "1911"]
[PlyCount "81"]
[EventDate "2015.10.11"]
[EventType "team-tourn"]
[EventRounds "11"]
[EventCountry "SVK"]
[SourceTitle "EXT 2017"]
[Source "ChessBase"]
[SourceDate "2016.10.25"]
[SourceVersion "1"]
[SourceVersionDate "2016.10.25"]
[SourceQuality "1"]
[WhiteTeam "Povazska Bystrica III"]
[BlackTeam "Lehota pod Vtacnikom"]
[WhiteTeamCountry "SVK"]
[BlackTeamCountry "SVK"]

1. b3 c5 2. Bb2 Nc6 3. e3 d5 4. Bb5 Nf6 5. f4 g6 6. Nf3 Bd7 7. Bxc6 Bxc6 8. 0-0 Bg7 9. d3 0-0 10. h3 Qc7 11. Be5 Qd7 12. Nbd2 Rad8 13. Qe1 b6 14. Rd1 Qb7 15. a4 Nd7 16. Bxg7 Kxg7 17. Qg3 f6 18. f5 Qb8 19. Qxb8 Nxb8 20. Nh4 g5 21. Nhf3 h5 22. Kh2 Rd6 23. Rde1 e5 24. e4 d4 25. Ra1 Na6 26. Nc4 Rdd8 27. Rf2 Nb4 28. Rd2 Kh6 29. Na3 Rg8 30. g4 hxg4 31. hxg4 Rh8 32. Rh1 Kg7+ 33. Kg1 Rxh1+ 34. Kxh1 Rh8+ 35. Rh2 Rxh2+ 36. Kxh2 Be8 37. Nd2 Bf7 38. Kg2 Kf8 39. Kf2 Ke7 40. Ke2 Kd7 41. Ndc4 1/2-1/2

[Event "SVK-chT3B2 1314"]
[Site "Slovakia"]
[Date "2014.02.16"]
[Round "8.2"]
[White "Vida, Miroslav"]
[Black "Mruskovic, Peter"]
[Result "1/2-1/2"]
[WhiteElo "1936"]
[BlackElo "1931"]
[PlyCount "48"]
[EventDate "2013.10.13"]
[EventType "team-tourn"]
[EventRounds "14"]
[EventCountry "SVK"]
[SourceTitle "EXT 2015"]
[Source "ChessBase"]
[SourceDate "2014.11.20"]
[SourceVersion "1"]
[SourceVersionDate "2014.11.20"]
[SourceQuality "1"]
[WhiteTeam "Lehota pod Vtacnikom"]
[BlackTeam "Povazske Podhradie SK"]
[WhiteTeamCountry "SVK"]
[BlackTeamCountry "SVK"]

1. e4 c5 2. Nf3 e6 3. d4 cxd4 4. Nxd4 Be7 5. Bd3 d6 6. 0-0 Nf6 7. c4 b6 8. Nc3 Bb7 9. b3 Nbd7 10. Bb2 Nc5 11. f3 Nxd3 12. Qxd3 0-0 13. Rfd1 a6 14. Nde2 Qc7 15. Ba3 Rfd8 16. Qe3 Rd7 17. Rac1 Bc6 18. Nd4 d5 19. Bxe7 Rxe7 20. Nxc6 Qxc6 21. cxd5 exd5 22. Na4 Qe6 23. Qxb6 dxe4 24. fxe4 Qxe4 1/2-1/2

[Event "SVK-chT3B2 1314"]
[Site "Slovakia"]
[Date "2013.12.15"]
[Round "5.2"]
[White "Vida, Miroslav"]
[Black "Malinovsky, Jozef"]
[Result "1-0"]
[WhiteElo "1936"]
[BlackElo "1834"]
[PlyCount "159"]
[EventDate "2013.10.13"]
[EventType "team-tourn"]
[EventRounds "14"]
[EventCountry "SVK"]
[SourceTitle "EXT 2015"]
[Source "ChessBase"]
[SourceDate "2014.11.20"]
[SourceVersion "1"]
[SourceVersionDate "2014.11.20"]
[SourceQuality "1"]
[WhiteTeam "Lehota pod Vtacnikom"]
[BlackTeam "Povazska Bystrica SK Sparta II"]
[WhiteTeamCountry "SVK"]
[BlackTeamCountry "SVK"]

1. e4 c5 2. Nf3 d6 3. Bc4 e6 4. 0-0 Nf6 5. Nc3 a6 6. a4 Nc6 7. d4 cxd4 8. Nxd4 e5 9. Nxc6 bxc6 10. h3 a5 11. Bg5 h6 12. Be3 Be7 13. Qd2 0-0 14. Rad1 Ba6 15. Bxa6 Rxa6 16. Qd3 Ra8 17. b3 Qc7 18. Qc4 Qb7 19. f3 Rfd8 20. Qe2 Kh7 21. Rd3 Nh5 22. Rfd1 g5 23. g4 Nf4 24. Bxf4 gxf4 25. Qf2 Qa7 26. Nb1 Qc7 27. Rc3 Qb7 28. Qe2 Rac8 29. Nd2 f6 30. Rd3 d5 31. exd5 cxd5 32. c4 d4 33. Ne4 Kg7 34. Qf2 Rh8 35. Qd2 Bb4 36. Qc2 Rc6 37. Rc1 Qf7 38. Qg2 Kh7 39. Kf2 Rg8 40. Ke2 f5 41. Nf2 Re6 42. Kd1 fxg4 43. hxg4 Qg6 44. Ne4 Rb8 45. Kc2 Kg7 46. Rh1 Be7 47. Qh3 Rh8 48. g5 h5 49. Nf6 Rd6 50. Nxh5+ Kf7 51. Qg4 Rb6 52. Ng3 Rxh1 53. Nxh1 Rxb3 54. Nf2 Rc3+ 55. Kd2 Rxc4 56. Qd7 Rc6 57. Ng4 Re6 58. Nh6+ Kg7 59. Qc8 Bf8 60. Qd7+ Re7 61. Nf5+ Kf7 62. Nxe7 Bxe7 63. Qd5+ Kf8 64. Qxe5 Bb4+ 65. Ke2 Qf7 66. Qxd4 Qa2+ 67. Kf1 Qb1+ 68. Rd1 Qf5 69. Qf6+ Qxf6 70. gxf6 Kf7 71. Rd4 Kxf6 72. Rxf4+ Ke5 73. Re4+ Kf5 74. Ke2 Kf6 75. Kd3 Kf5 76. Kc4 Bd2 77. Kb5 Bc3 78. Kb6 Bb4 79. Rc4 Ke5 80. Rc5+ 1-0

[Event "SVK-chT2 5th B02 corr"]
[Site "Slovakia"]
[Date "2002.03.01"]
[Round "1"]
[White "Vida, Miroslav"]
[Black "Hudec, Tomas"]
[Result "1-0"]
[WhiteElo "1915"]
[BlackElo "1600"]
[PlyCount "51"]
[EventDate "2002.??.??"]
[EventType "team (corr)"]
[EventRounds "10"]
[EventCountry "SVK"]
[SourceTitle "Corr 2004"]
[Source "ChessBase"]
[SourceDate "2003.04.28"]
[SourceVersion "3"]
[SourceVersionDate "2003.04.28"]
[SourceQuality "1"]

1. e4 c5 2. Nf3 d6 3. d4 cxd4 4. Nxd4 Nf6 5. Nc3 a6 6. Be3 e5 7. Nf3 Be7 8. Bc4 Be6 9. Bxe6 fxe6 10. Ng5 Qd7 11. Qf3 d5 12. 0-0-0 d4 13. Qh3 Qc6 14. Qxe6 Qxe6 15. Nxe6 Kf7 16. Nxd4 exd4 17. Bxd4 Nc6 18. Bxf6 gxf6 19. Rd7 b6 20. f4 Rhd8 21. Rhd1 Ra7 22. R7d5 Rb7 23. g4 Rdb8 24. Rh5 Kg8 25. Nd5 Rd7 26. Nxf6+ 1-0

[Event "SVK-chT2 5th B02 corr"]
[Site "Slovakia"]
[Date "2002.03.01"]
[Round "1"]
[White "Vida, Miroslav"]
[Black "Lipcak, Zsolt"]
[Result "1/2-1/2"]
[WhiteElo "1917"]
[BlackElo "1600"]
[PlyCount "53"]
[EventDate "2002.??.??"]
[EventType "team (corr)"]
[EventRounds "10"]
[EventCountry "SVK"]
[SourceTitle "Corr 2004"]
[Source "ChessBase"]
[SourceDate "2003.04.28"]
[SourceVersion "3"]
[SourceVersionDate "2003.04.28"]
[SourceQuality "1"]

1. e4 c6 2. c4 d5 3. cxd5 cxd5 4. exd5 Nf6 5. d4 Nxd5 6. Nc3 e6 7. Nf3 Bb4 8. Bd2 Nc6 9. Bd3 0-0 10. 0-0 Be7 11. Qb1 Nf6 12. Ne4 h6 13. Rd1 Nd5 14. Rc1 Qb6 15. Bc3 Rd8 16. Ned2 Nxc3 17. bxc3 Qxb1 18. Raxb1 e5 19. Nb3 exd4 20. Nbxd4 Bf6 21. Be4 Bxd4 22. Nxd4 Nxd4 23. cxd4 Rxd4 24. Bxb7 Bxb7 25. Rxb7 Rad8 26. Kf1 a5 27. Rcc7 1/2-1/2

[Event "SVK-chT2 4th Bs1 corr"]
[Site "Slovakia"]
[Date "2000.??.??"]
[Round "20"]
[White "Bedo, Peter"]
[Black "Vida, Miroslav"]
[Result "1/2-1/2"]
[WhiteElo "1300"]
[BlackElo "1916"]
[PlyCount "63"]
[EventDate "2000.03.15"]
[EventType "team (corr)"]
[EventRounds "10"]
[EventCountry "SVK"]
[SourceTitle "Corr 2002"]
[Source "ChessBase"]
[SourceDate "2002.05.23"]
[SourceVersion "1"]
[SourceVersionDate "2002.05.23"]
[SourceQuality "1"]

1. e4 c5 2. Nf3 d6 3. d4 cxd4 4. Nxd4 Nf6 5. Nc3 Nc6 6. Bc4 e6 7. Be3 a6 8. f3 d5 9. exd5 exd5 10. Be2 Bd6 11. 0-0 0-0 12. Qd2 Re8 13. Nxc6 bxc6 14. Rad1 Rb8 15. b3 Bb4 16. Bd4 Nd7 17. a3 Bxa3 18. Na2 Bd6 19. g3 Bc5 20. Bxc5 Nxc5 21. b4 Nb7 22. c4 Be6 23. cxd5 cxd5 24. Qd4 a5 25. Bb5 Re7 26. Bd3 Rd7 27. f4 f6 28. Rfe1 Rd6 29. b5 Qb6 30. Qxb6 Rxb6 31. Nc3 Rd6 32. Na4 1/2-1/2

[Event "SVK-chT2 4th Bs1 corr"]
[Site "Slovakia"]
[Date "2000.??.??"]
[Round "8"]
[White "Fedor, Stefan"]
[Black "Vida, Miroslav"]
[Result "1-0"]
[WhiteElo "1522"]
[BlackElo "1916"]
[PlyCount "53"]
[EventDate "2000.03.15"]
[EventType "team (corr)"]
[EventRounds "10"]
[EventCountry "SVK"]
[SourceTitle "Corr 2002"]
[Source "ChessBase"]
[SourceDate "2002.05.23"]
[SourceVersion "1"]
[SourceVersionDate "2002.05.23"]
[SourceQuality "1"]

1. d4 Nf6 2. c4 e6 3. Nf3 b6 4. g3 Ba6 5. b3 d5 6. Bg2 Bb4+ 7. Bd2 Bxd2+ 8. Nbxd2 0-0 9. Qc2 b5 10. cxb5 Bxb5 11. a4 Ba6 12. b4 Qd6 13. b5 Bb7 14. 0-0 c6 15. e4 dxe4 16. Nxe4 Nxe4 17. Qxe4 Qd5 18. Qxd5 cxd5 19. Rfc1 Rc8 20. Ne5 a6 21. Rxc8+ Bxc8 22. Rc1 Nd7 23. Rxc8+ Rxc8 24. Nxd7 axb5 25. axb5 Rc4 26. b6 Rb4 27. Bf1 1-0

[Event "SVK-chT2 4th Bs1 corr"]
[Site "Slovakia"]
[Date "2000.??.??"]
[Round "10"]
[White "Kral, Jozef"]
[Black "Vida, Miroslav"]
[Result "1-0"]
[WhiteElo "1969"]
[BlackElo "1916"]
[PlyCount "49"]
[EventDate "2000.03.15"]
[EventType "team (corr)"]
[EventRounds "10"]
[EventCountry "SVK"]
[SourceTitle "Corr 2002"]
[Source "ChessBase"]
[SourceDate "2002.05.23"]
[SourceVersion "1"]
[SourceVersionDate "2002.05.23"]
[SourceQuality "1"]

1. e4 e5 2. Nf3 Nc6 3. Bb5 a6 4. Ba4 Nf6 5. 0-0 Be7 6. Re1 b5 7. Bb3 0-0 8. a4 Bb7 9. d3 d6 10. Nc3 Na5 11. Ba2 bxa4 12. Nxa4 Rb8 13. Nc3 Nc6 14. Nd5 Qd7 15. c3 Nxd5 16. Bxd5 Ra8 17. Qa4 Rfb8 18. Ra3 a5 19. d4 Qe8 20. Rb3 Ra6 21. dxe5 h6 22. Be3 Qc8 23. Qc4 Kh8 24. Bxc6 Rxc6 25. Qxf7 1-0

[Event "SVK-chT2 4th Bs1 corr"]
[Site "Slovakia"]
[Date "2000.??.??"]
[Round "13"]
[White "Vida, Miroslav"]
[Black "Kral, Jozef"]
[Result "0-1"]
[WhiteElo "1916"]
[BlackElo "1969"]
[PlyCount "82"]
[EventDate "2000.03.15"]
[EventType "team (corr)"]
[EventRounds "10"]
[EventCountry "SVK"]
[SourceTitle "Corr 2002"]
[Source "ChessBase"]
[SourceDate "2002.05.23"]
[SourceVersion "1"]
[SourceVersionDate "2002.05.23"]
[SourceQuality "1"]

1. d4 Nf6 2. c4 g6 3. Nc3 d5 4. Nxd5 Nxd5 5. cxd5 Qxd5 6. e3 Bg7 7. Nf3 Nc6 8. Be2 0-0 9. 0-0 Rd8 10. b3 e5 11. Bc4 Qd6 12. Ng5 Be6 13. Bxe6 fxe6 14. Qg4 Re8 15. Qh4 h6 16. Ne4 Qd8 17. Qxd8 Raxd8 18. dxe5 Bxe5 19. Rb1 Rd5 20. Bb2 Red8 21. Bxe5 Rxe5 22. f3 Kf8 23. Rbc1 Rdd5 24. Kf2 Ke7 25. Rfd1 Rxd1 26. Rxd1 Ra5 27. a4 Ne5 28. f4 Nd7 29. b4 Rd5 30. Rxd5 exd5 31. Nc3 c6 32. g4 Ke6 33. h4 b6 34. b5 c5 35. e4 dxe4 36. Nxe4 Nf6 37. f5+ gxf5 38. gxf5+ Kxf5 39. Nd6+ Kf4 40. Nc8 Ne4+ 41. Ke2 c4 0-1

[Event "SVK-chT2 4th Bs1 corr"]
[Site "Slovakia"]
[Date "2000.??.??"]
[Round "9"]
[White "Vida, Miroslav"]
[Black "Toma, Rudolf"]
[Result "0-1"]
[WhiteElo "1916"]
[BlackElo "1943"]
[PlyCount "28"]
[EventDate "2000.03.15"]
[EventType "team (corr)"]
[EventRounds "10"]
[EventCountry "SVK"]
[SourceTitle "Corr 2002"]
[Source "ChessBase"]
[SourceDate "2002.05.23"]
[SourceVersion "1"]
[SourceVersionDate "2002.05.23"]
[SourceQuality "1"]

1. c4 Nf6 2. d4 e6 3. Nc3 Bb4 4. e3 0-0 5. Nf3 c5 6. Bd3 d5 7. 0-0 dxc4 8. Bxc4 Nbd7 9. Qe2 b6 10. Rd1 Bb7 11. dxc5 Bxc5 12. e4 Qc7 13. Bg5 h6 14. h4 hxg5 0-1